Movies & TV by Antonym - Statistics

General Stats
  • This quiz has been taken 26 times
  • The average score is 6 of 15
Answer Stats
Hint Answer % Correct
Enemies Friends
83%
The Devilmother The Godfather
83%
Fixing Good Breaking Bad
78%
The Dinner Division The Breakfast Club
70%
The Red Kilometer The Green Mile
70%
House of Jazz School of Rock
39%
Normal Nothings Stranger Things
39%
Moon Peace Star Wars
30%
Extraction Inception
26%
Happy Women Mad Men
22%
Sane Psycho
13%
The Bright Servant Drops The Dark Knight Rises
13%
L-Rock Angel Gatherers K-Pop Demon Hunters
9%
Titan Elf
4%
Scheme Rain Jane Project Hail Mary
4%
No matching quizzes found
Score Distribution
Percent of People with Each Score
Percentile by Number Answered
Your Score History
You have not taken this quiz